Incidencia de edad, sexo y test en las rendimientos alcanzados en tres pruebas de condición física general por escolares de 10 a 14 años damas y varones

Uloženo v:
Podrobná bibliografie
Hlavní autoři: Trujillo Galindo, Héctor Santiago (Autor), Caro Martín, Alberto (Autor), Carrere, Mauricio (Autor), Gómez A., Carlos (Autor)
Médium: Kniha
Jazyk:španělština
Vydáno: Santiago C.P.E.I.P 1987
Edice:Serie arte y recreación, 1
Témata:
Tagy: Přidat tag
Žádné tagy, Buďte první, kdo vytvoří štítek k tomuto záznamu!

MARC

LEADER 00000nam a2200000 a 4500
001 UCW4297
003 CL-VaPUC
005 20231108162342.0
008 891201e19870000CL |||||||||||||||||spa|d
999 |c 218069  |d 218067 
040 |c Pontificia Universidad Católica de Valparaíso 
082 0 4 |a 372.86  |b TRU  |2 21 
100 0 |a Trujillo Galindo, Héctor Santiago  |e author  |9 308955 
245 1 0 |a Incidencia de edad, sexo y test en las rendimientos alcanzados en tres pruebas de condición física general por escolares de 10 a 14 años damas y varones 
260 |a Santiago  |b C.P.E.I.P  |c 1987 
300 |a 34 h 
490 0 |a Serie arte y recreación, 1 
583 |a last modification  |c 19891201 00:00:00  |k Rodrigo Vera 
650 0 |a Educación física  |9 240893 
650 0 |a Educación básica   |9 224933 
650 0 |a Educación media  |9 499610 
700 0 |a Caro Martín, Alberto  |e author  |9 308956 
700 0 |a Carrere, Mauricio  |e author  |9 308957 
700 0 |a Gómez A., Carlos  |e author  |9 308958 
942 |c BK  |2 ddc 
945 |d 19891201 00:00:00 
952 |0 0  |1 0  |4 0  |6 372_860000000000000_TRU_1987  |7 0  |8 P  |9 206939  |a BIBEDU  |b BIBEDU  |c BIBEDU_PB  |d 2019-11-15  |i 2747383  |o 372.86 TRU 1987  |p 2747383  |r 2024-01-25  |w 2019-11-15  |y BK  |k EDU 
952 |0 0  |1 0  |4 0  |6 372_860000000000000_TRU_1987  |7 0  |8 P  |9 206940  |a BIBEDU  |b BIBEDU  |c BIBEDU_PB  |d 2019-11-15  |i 2747391  |o 372.86 TRU 1987  |p 2747391  |r 2024-01-25  |w 2019-11-15  |y BK  |k EDU 
952 |0 0  |1 0  |4 0  |6 372_860000000000000_TRU_1987  |7 0  |8 P  |9 206941  |a BIBEDU  |b BIBEDU  |c BIBEDU_PB  |d 2019-11-15  |i 2747405  |o 372.86 TRU 1987  |p 2747405  |r 2024-01-25  |w 2019-11-15  |y BK  |k EDU 
952 |0 0  |1 0  |4 0  |6 372_860000000000000_TRU_1987  |7 0  |8 P  |9 206942  |a BIBEDU  |b BIBEDU  |c BIBEDU_PB  |d 2019-11-15  |i 2747413  |o 372.86 TRU 1987  |p 2747413  |r 2024-01-25  |w 2019-11-15  |y BK  |k EDU 
952 |0 0  |1 0  |4 0  |6 372_860000000000000_TRU_1987  |7 0  |8 P  |9 206943  |a BIBEDU  |b BIBEDU  |c BIBEDU_PB  |d 2019-11-15  |i 2747421  |o 372.86 TRU 1987  |p 2747421  |r 2024-01-25  |w 2019-11-15  |y BK  |k EDU